| 000 | 01323nam a2200325Ia 4500 | ||
|---|---|---|---|
| 001 | ebr10359541 | ||
| 003 | CaPaEBR | ||
| 006 | m u | ||
| 007 | cr cn||||||||| | ||
| 008 | 081230s2009 qucb sb 001 0 eng d | ||
| 020 | _z9780773535244 (pbk.) | ||
| 040 |
_aCaPaEBR _cCaPaEBR |
||
| 035 | _a(OCoLC)647844388 | ||
| 050 | 1 | 4 |
_aQC926.45.C2 _bM87 2009eb |
| 100 | 1 |
_aMurphy, Raymond, _d1943- |
|
| 245 | 1 | 0 |
_aLeadership in disaster _h[electronic resource] : _blearning for a future with global climate change / _cRaymond Murphy. |
| 260 |
_aMontreal : _bMcGill-Queen's University Press, _cc2009. |
||
| 300 |
_aviii, 406 p. : _bmaps. |
||
| 504 | _aIncludes bibliographical references and index. | ||
| 533 |
_aElectronic reproduction. _bPalo Alto, Calif. : _cebrary, _d2010. _nAvailable via World Wide Web. _nAccess may be limited to ebrary affiliated libraries. |
||
| 650 | 0 |
_aClimatic changes _zCanada. |
|
| 650 | 0 |
_aClimatic changes _zUnited States. |
|
| 650 | 0 |
_aEmergency management _xPlanning. |
|
| 650 | 0 |
_aIce storms _zCanada, Eastern. |
|
| 650 | 0 |
_aIce storms _zNew England. |
|
| 650 | 0 | _aLeadership. | |
| 655 | 7 |
_aElectronic books. _2local |
|
| 710 | 2 | _aebrary, Inc. | |
| 856 | 4 | 0 |
_uhttp://site.ebrary.com/lib/rucke/Doc?id=10359541 _zAn electronic book accessible through the World Wide Web; click to view |
| 999 |
_c104805 _d104805 |
||